[Event "AUTO-ELITE-1269"]
[Site "http://www.queenalice.com/game.php?id=1276955"]
[Date "2014.4.28"]
[Round "2"]
[White "trompmaster"]
[Black "Lucius1"]
[Result "1/2-1/2"]
[WhiteElo "2449"]
[BlackElo "2614"]

1. Nf3 Nf6 2. c4 g6 3. Nc3 d5 4. cxd5 Nxd5 5. Qa4+ Bd7 6. Qh4 Nxc3 7. dxc3 Nc6
8. e4 e5 9. Bg5 Be7 10. Bxe7 Qxe7 11. Qxe7+ Kxe7 12. Bb5 Rad8 13. Ke2 f6 14.
Rhd1 Nb8 15. Bc4 Bc6 16. Bd5 Bxd5 17. exd5 Rd6 18. c4 Rc8 19. b3 Nd7 20. Nd2 f5
21. Nb1 a6 22. Nc3 e4 23. f3 exf3+ 24. Kxf3 Kf7 25. Re1 b5 26. Rad1 bxc4 27.
bxc4 Rb8 28. Rd4 Rb4 29. Rf4 Rf6 30. h4 h6 31. Rd4 Rb2 32. Rd3 Nc5 33. Rde3 Kg7
34. R1e2 Rb4 35. d6 cxd6 36. Nd5 Rxc4 37. Nxf6 Kxf6 38. Rd2 Ne4 39. Rb2 g5 40.
hxg5+ hxg5 41. Ra3 Nc5 42. Ke2 Rc1 43. Re3 Ne4 44. Ra3 Rg1 45. Ke3 Nc5 46. Kf2
Rc1 47. Rb8 g4 48. Rf8+ Ke6 49. Re8+ Kf6 50. Rf8+ Ke5 51. Re8+ Kd4 52. g3 Kc4
53. Ke2 Kb4 54. Rae3 Rc2+ 55. Kd1 Rxa2 56. Rf8 d5 57. Rxf5 d4 58. Rf4 Kc4 59.
Re2 Ra1+ 60. Kc2 Nd3 61. Rf8 Nb4+ 62. Kd2 Rg1 63. Rc8+ Kb3 64. Re4 Rg2+ 65. Kd1
Nc2 66. Re6 Ne3+ 67. Ke1 Nc4 68. Rec6 Rc2 69. Rd8 Kc3 70. Rxa6 d3 71. Kf1 Rc1+
72. Kf2 d2 73. Rg6 d1=Q 74. Rxd1 Rxd1 75. Rxg4 Rd2+ 76. Kg1 Kd3 77. Rf4 Ne3 78.
g4 Ra2 79. g5 Rg2+ 80. Kh1 Ke2 81. Rf7 Rxg5 82. Kh2 Nf5 83. Rb7 Kf3 84. Rb8 Ne3
85. Rf8+ Kg4 86. Rh8 Rf5 87. Rg8+ Kf3 88. Kg1 Rf7 89. Rh8 Rg7+ 90. Kh1 Nd5 91.
Rh3+ Ke4 92. Ra3 Nf4 93. Rb3 Rg4 94. Ra3 Rg5 95. Rb3 1/2-1/2

[Event "AUTO-ELITE-1269"]
[Site "http://www.queenalice.com/game.php?id=1276956"]
[Date "2014.4.28"]
[Round "2"]
[White "Lucius1"]
[Black "trompmaster"]
[Result "1-0"]
[WhiteElo "2609"]
[BlackElo "2454"]

1. c4 e5 2. g3 Nf6 3. Bg2 d5 4. cxd5 Nxd5 5. Nc3 Nxc3 6. bxc3 Bc5 7. Nf3 Nc6 8.
O-O O-O 9. d3 Rb8 10. Rb1 h6 11. Nd2 Be6 12. Qa4 Qd7 13. Rxb7 Rxb7 14. Bxc6 Qc8
15. Ne4 Be7 16. Bxb7 Qxb7 17. f3 Qb6+ 18. Kg2 Rd8 19. Nd2 Qe3 20. Re1 Qc5 21. c4
Qb6 22. Qc2 Bb4 23. Bb2 Qa5 24. Nb3 Qb6 25. Rb1 f6 26. Bc3 Bxc3 27. Qxc3 Qe3 28.
Qd2 Qb6 29. Qe1 Bd7 30. a3 Kh7 31. Qb4 Be8 32. Qe7 Rc8 33. Kf1 Bg6 34. Nd2 Qc6
35. Rb5 a6 36. Qc5 Qd7 37. Rb3 Bf5 38. Ke1 Qa4 39. g4 Bg6 40. Rb7 Qd7 41. Nf1 h5
42. h3 h4 43. Kf2 Bf7 44. Ne3 Be6 45. Ra7 a5 46. Rxa5 g6 47. Ra7 Kh6 48. a4 Qd4
49. Qxd4 exd4 50. Nc2 c5 51. a5 Rc6 52. Rb7 Bc8 53. Rb6 Rc7 54. Rxf6 Bd7 55. Rf7
g5 56. Na3 Kg6 57. Nb5 Ra7 58. Re7 Kf6 59. Rh7 Kg6 60. Nxa7 Kxh7 61. a6 Kg6 62.
Nb5 Kf6 63. a7 1-0

[Event "AUTO-ELITE-1326"]
[Site "http://www.queenalice.com/game.php?id=1279652"]
[Date "2014.5.7"]
[Round "1"]
[White "yamato"]
[Black "Lucius1"]
[Result "0-1"]
[WhiteElo "2316"]
[BlackElo "2595"]

1. d4 d5 2. Nf3 Nf6 3. c4 e6 4. Nc3 Be7 5. Bg5 O-O 6. e3 Nbd7 7. cxd5 exd5 8.
Qc2 c6 9. Bd3 Re8 10. O-O Nf8 11. Bxf6 Bxf6 12. Rab1 g6 13. b4 Ne6 14. Rfc1 a5
15. a3 axb4 16. axb4 b5 17. Ra1 Rxa1 18. Rxa1 Nc7 19. Nb1 Qd6 20. Nbd2 Na6 21.
Nb3 Nxb4 22. Qc3 Nxd3 23. Qxd3 Kg7 24. Qc3 b4 25. Qd2 Bf5 26. Ra6 Be4 27. Ne1
Be7 28. Nd3 Qb8 29. Rxc6 Qb5 30. Ne5 f6 31. Rc7 fxe5 32. dxe5 Qb6 33. Rc1 Bf8
34. f4 Ra8 0-1

[Event "AUTO-ELITE-1326"]
[Site "http://www.queenalice.com/game.php?id=1279653"]
[Date "2014.5.7"]
[Round "1"]
[White "Lucius1"]
[Black "yamato"]
[Result "1-0"]
[WhiteElo "2595"]
[BlackElo "2315"]

1. Nf3 g6 2. d4 Bg7 3. c4 d6 4. Nc3 Nf6 5. e4 O-O 6. Be2 e5 7. O-O Nc6 8. d5 Ne7
9. b4 a5 10. Ba3 axb4 11. Bxb4 Nd7 12. a4 Bh6 13. a5 f5 14. Bd3 Kh8 15. Re1 g5
16. Nd2 f4 17. Na4 Ng6 18. c5 Nf6 19. cxd6 cxd6 20. Nb6 Rb8 21. Bb5 g4 22. Ndc4
1-0

[Event "AUTO-ELITE-1326"]
[Site "http://www.queenalice.com/game.php?id=1279658"]
[Date "2014.5.7"]
[Round "1"]
[White "Lucius1"]
[Black "Sexxy_Bunny"]
[Result "0-1"]
[WhiteElo "2597"]
[BlackElo "2652"]

1. Nf3 d5 2. c4 e6 3. b3 Nf6 4. Bb2 Be7 5. e3 O-O 6. Nc3 c5 7. cxd5 exd5 8. d4
Nc6 9. Be2 Bg4 10. dxc5 Bxc5 11. O-O a6 12. Rc1 Ba7 13. h3 Bf5 14. Bd3 Bxd3 15.
Qxd3 Qd6 16. Rfd1 Rad8 17. Qf5 Qe6 18. Qf4 Bb8 19. Qh4 Ne4 20. Nxe4 Qxe4 21. Qg4
f6 22. Rd2 Rfe8 23. Rcd1 Bc7 24. a3 Na5 25. Rd3 Nc6 26. b4 Kf7 27. Qh5+ Kg8 28.
Bc3 Bb6 29. Qg4 Kf7 30. Qh5+ Kg8 31. Bb2 Bc7 32. Bc3 Bb6 33. Ba1 Bc7 34. R3d2
Rd6 35. Nd4 Red8 36. Ne2 g6 37. Qh6 Qe8 38. Qh4 Qf7 39. Bd4 Re6 40. Ba1 Red6 41.
Nf4 Bb8 42. Qg3 Ba7 43. Qh4 Bb8 44. Rc1 h5 45. Qg3 Kh7 46. Rcd1 g5 47. Nd3 d4
48. e4 R6d7 49. Qf3 Bd6 50. Qe2 Qg6 51. Nc5 Bxc5 52. bxc5 g4 53. hxg4 hxg4 54.
Rd3 Ne5 55. Rg3 Qh6 56. Qd2 Qxd2 57. Rxd2 Kg6 58. f4 Nc4 59. Rd1 f5 60. e5 Ne3
61. Rc1 Nd5 62. Rf1 Nc7 63. Rb3 Ne6 64. Rb6 Kf7 65. Kf2 Nxc5 66. Rh1 Ne4+ 67.
Ke1 Kg8 68. Rbh6 Kf8 69. a4 d3 70. e6 d2+ 71. Kd1 Nf2+ 72. Ke2 Nxh1 73. exd7
Ng3+ 74. Kxd2 Rxd7+ 75. Ke3 Ke7 76. Bf6+ Kf7 77. Be5 Ne4 78. a5 Ke7 79. Rb6 Nd2
80. Rb4 Ke8 81. Bd4 Ne4 82. Be5 Nc5 83. Bd4 Ne6 84. Be5 Nd8 85. Bc3 Nc6 86. Rb1
Ke7 87. Rb2 Ke6 88. Kf2 Rd3 89. Be1 Nd4 90. Rb6+ Kd5 91. Rxb7 g3+ 92. Kf1 Ra3
93. Rd7+ Ke4 94. Ra7 Nc2 95. Re7+ Kd5 96. Re2 Nxe1 97. Rxe1 Kd4 98. Re5 Kd3 99.
Rd5+ Ke3 100. Re5+ Kxf4 101. Rc5 Ra1+ 102. Ke2 Ra2+ 103. Kf1 Rf2+ 104. Kg1 Kg4
105. Rc4+ Rf4 106. Rc2 Ra4 107. Kf1 Rxa5 108. Rc7 Ra1+ 109. Ke2 Ra2+ 110. Kf1 a5
111. Rc4+ f4 112. Rc8 Rf2+ 113. Kg1 a4 114. Rg8+ Kf5 115. Ra8 Ra2 116. Kf1 a3
117. Rf8+ Ke6 118. Re8+ Kd7 119. Ra8 Rf2+ 120. Kg1 Rc2 121. Kf1 a2 122. Ra7+ Ke6
123. Ra6+ Ke5 124. Ra5+ Ke4 125. Ra8 Rc1+ 126. Ke2 a1=Q 127. Re8+ Kf5 0-1

[Event "AUTO-ELITE-1326"]
[Site "http://www.queenalice.com/game.php?id=1279659"]
[Date "2014.5.7"]
[Round "1"]
[White "Sexxy_Bunny"]
[Black "Lucius1"]
[Result "1-0"]
[WhiteElo "2629"]
[BlackElo "2597"]

1. e4 b6 2. d4 Bb7 3. Bd3 e6 4. Nf3 c5 5. c3 Nf6 6. Qe2 Be7 7. O-O d5 8. e5 Nfd7
9. a3 c4 10. Bc2 Kf8 11. Ne1 h5 12. f4 g6 13. Nf3 Rh7 14. Ng5 Rg7 15. Bxg6 Bxg5
16. Bc2 Bh4 17. f5 Bg5 18. Bd2 Nxe5 19. Qxh5 Bxd2 20. Nxd2 Qg5 21. Qxg5 Rxg5 22.
fxe6 Bc8 23. dxe5 Bxe6 24. Nf3 Rh5 25. Nd4 Ke7 26. Rae1 Nd7 27. Nc6+ Ke8 28. Re3
Nc5 29. h3 Kd7 30. Nd4 Rah8 31. Rf6 R8h6 32. Nxe6 fxe6 33. Rf7+ Kc6 34. Rxa7 Rg5
35. g4 Rh8 36. Kg2 Rf8 37. Re7 Rf4 38. Kg3 Rf1 39. Bh7 b5 40. Kh4 Rxe5 41. Rxe5
Kd6 42. R7xe6+ Nxe6 43. Rf5 Rd1 44. Bg8 Nc7 45. Rf2 d4 46. cxd4 Rxd4 47. Kg5 Ke7
48. h4 Rd8 49. Re2+ Kf8 50. Bh7 Kf7 51. Bg6+ Kg8 52. h5 Rf8 53. Re7 Nd5 54. Rb7
c3 55. bxc3 Ne3 56. Rxb5 Nc4 57. a4 Na3 58. Rc5 Ra8 59. a5 Rb8 60. a6 Nb5 61.
Bd3 Nd6 62. a7 Rd8 63. Rc6 Nf7+ 64. Kf6 1-0

[Event "Ramirus letzte Worte..."]
[Site "http://www.queenalice.com/game.php?id=1279747"]
[Date "2014.5.7"]
[Round "-"]
[White "RAMIROCHE"]
[Black "Lucius1"]
[Result "0-1"]
[WhiteElo "1885"]
[BlackElo "2582"]

1. e4 d5 2. exd5 Nf6 3. d6 Qxd6 4. d4 e5 5. Ne2 Nc6 6. c3 Be6 7. Na3 O-O-O 8.
Nb5 Qd5 9. c4 Qe4 10. f3 Qh4+ 11. g3 Qh5 12. Qb3 a6 13. dxe5 Bb4+ 14. Kf2 Bc5+
15. Kg2 Qh3# 0-1

[Event "AUTO-ELITE-1292"]
[Site "http://www.queenalice.com/game.php?id=1281484"]
[Date "2014.5.13"]
[Round "2"]
[White "Lucius1"]
[Black "kobra23"]
[Result "1/2-1/2"]
[WhiteElo "2594"]
[BlackElo "2630"]

1. Nf3 d5 2. c4 e6 3. b3 Nf6 4. Bb2 c5 5. cxd5 exd5 6. e3 Nc6 7. Be2 Bd6 8. O-O
O-O 9. d4 cxd4 10. Nxd4 Re8 11. Nc3 a6 12. Rc1 Bb8 13. Nxc6 bxc6 14. Na4 Qd6 15.
g3 Bf5 16. Bd3 Bxd3 17. Qxd3 Ba7 18. Qxa6 Rec8 19. Qe2 Re8 20. Rc2 Ne4 21. Qg4
g6 22. Rd1 Re6 23. Kg2 Qe7 24. Nc3 Nxc3 25. Bxc3 Bc5 26. Ba1 Bb6 27. h4 f5 28.
Qf4 Rd8 29. b4 Rdd6 30. Rdc1 Re4 31. Qf3 Qe6 32. a3 h5 33. Bb2 Bxe3 34. fxe3
Rxe3 35. Qf4 d4 36. Rxc6 Re2+ 1/2-1/2

[Event "AUTO-ELITE-1292"]
[Site "http://www.queenalice.com/game.php?id=1281485"]
[Date "2014.5.13"]
[Round "2"]
[White "kobra23"]
[Black "Lucius1"]
[Result "1/2-1/2"]
[WhiteElo "2631"]
[BlackElo "2590"]

1. d4 d5 2. c4 e6 3. Nf3 Nf6 4. e3 Be7 5. Nbd2 O-O 6. b3 c5 7. dxc5 Na6 8. Bb2
Nxc5 9. Be2 b6 10. O-O Bb7 11. Qc2 Rc8 12. Rfd1 b5 13. cxb5 Na4 14. Qb1 Nxb2 15.
Qxb2 Bb4 16. Rac1 Qe7 17. Nb1 Bd6 18. a4 Rxc1 19. Rxc1 e5 20. Rd1 Re8 21. Nbd2
Bb4 22. h3 h6 23. Qa1 Qc7 24. Rc1 Qb6 25. Qb2 Qd6 26. Rd1 Qc7 27. Nb1 Qe7 28.
Nc3 Ba3 29. Qa1 Bc5 30. Qb2 Ba3 31. Qa1 1/2-1/2

[Event "AUTO-ELITE-1229"]
[Site "http://www.queenalice.com/game.php?id=1283034"]
[Date "2014.5.20"]
[Round "2"]
[White "Puska"]
[Black "Lucius1"]
[Result "1-0"]
[WhiteElo "2597"]
[BlackElo "2609"]

1. d4 d5 2. Nf3 Nf6 3. c4 e6 4. g3 dxc4 5. Bg2 a6 6. Ne5 Bb4+ 7. Nc3 Nd5 8. O-O
Nxc3 9. bxc3 Bxc3 10. Rb1 Qxd4 11. Qa4+ b5 12. Qa3 Qxe5 13. Bf4 Qf6 14. Bxc7 Be5
15. Bxe5 Qxe5 16. Bxa8 Qc7 17. Bg2 f6 18. Rfd1 Nd7 19. Rd6 Ne5 20. Rbd1 O-O 21.
Qb4 g5 22. h3 Kg7 23. a4 Qe7 24. axb5 Nf7 25. bxa6 Nxd6 26. Qxd6 Rf7 27. Qb8 Qc5
28. Ra1 Ra7 29. Ra5 Qxa5 30. Qxa7+ Kf8 31. Bb7 Qc7 32. Qa8 c3 33. Be4 Kg7 34. a7
c2 35. Bxc2 Bb7 36. Qb8 Qc6 37. f3 f5 38. g4 Kf6 39. Qh8+ Kg6 40. gxf5+ exf5 41.
Qg8+ Kf6 42. Qf8+ Ke5 43. Qxf5+ Kd6 44. Qf6+ Kc7 45. Qxc6+ Kxc6 46. a8=Q 1-0

[Event "AUTO-ELITE-1229"]
[Site "http://www.queenalice.com/game.php?id=1283035"]
[Date "2014.5.20"]
[Round "2"]
[White "Lucius1"]
[Black "Puska"]
[Result "1/2-1/2"]
[WhiteElo "2601"]
[BlackElo "2605"]

1. Nf3 Nf6 2. c4 c6 3. d4 d5 4. Nc3 dxc4 5. a4 Bf5 6. e3 e6 7. Bxc4 Bb4 8. O-O
Nbd7 9. Qe2 Bg6 10. e4 Bxc3 11. bxc3 Nxe4 12. Ba3 Qc7 13. Rfe1 Nxc3 14. Qb2 Ne4
15. a5 a6 16. Ne5 Nxe5 17. dxe5 O-O-O 18. f3 Nd2 19. Be2 f6 20. Bd6 Rxd6 21.
exd6 Qxd6 22. Red1 Rd8 23. Ra2 Qc5+ 24. Kh1 Nb1 25. Rxb1 Bxb1 26. Qxb1 g6 27.
Qb2 Rd4 28. g3 Qb4 29. Qc1 e5 30. Kg2 Kc7 31. Qh6 Rd7 32. h4 Kb8 33. Qc1 Kc7 34.
Bf1 Rd4 35. Qh6 Qe7 36. Rb2 g5 37. hxg5 fxg5 38. Be2 Rd5 39. Ra2 Kb8 40. Qh2 Ka8
41. Qg1 h5 42. Qe3 h4 43. gxh4 gxh4 44. Ra4 Kb8 45. Kh3 Qd7+ 46. Kxh4 Rxa5 47.
Rxa5 Qd8+ 48. Kg4 Qxa5 49. Bc4 Kc7 50. Kf5 Kd6 51. Qd3+ Kc7 52. Qe2 e4+ 53. Kxe4
b5 54. Ba2 Qc3 55. f4 Qb4+ 56. Kf3 Qc3+ 57. Qe3 Qxe3+ 58. Kxe3 Kd6 59. Ke4 a5
60. f5 Ke7 61. Ke5 c5 62. Bb1 a4 63. Kd5 Kf6 64. Kxc5 a3 65. Kxb5 a2 66. Bxa2
Kxf5 67. Kc5 Ke5 1/2-1/2

[Event "Copa da Paz"]
[Site "http://www.queenalice.com/game.php?id=1287476"]
[Date "2014.6.11"]
[Round "5"]
[White "Lucius1"]
[Black "Conde7"]
[Result "0-1"]
[WhiteElo "2593"]
[BlackElo "2783"]

1. Nf3 Nf6 2. c4 e6 3. g3 b6 4. Bg2 Bb7 5. d3 d5 6. Qa4+ Qd7 7. Qxd7+ Nbxd7 8.
cxd5 Nxd5 9. Na3 Bxa3 10. bxa3 O-O 11. Bb2 Nc5 12. Rc1 Rac8 13. Bd4 Na4 14. Nd2
c5 15. Ba1 Bc6 16. h4 Rfd8 17. h5 h6 18. Rh4 f6 19. Nb3 Bd7 20. Rg4 b5 21. Kf1
Kf8 22. Rh4 Ndb6 23. Na5 Be8 24. Ke1 Rd6 25. Nb7 Rd7 26. Na5 Rdc7 27. Bb7 Rd8
28. Bf3 a6 29. Nb7 Rdd7 30. Na5 e5 31. Nc6 Bf7 32. Nxe5 fxe5 33. Bxe5 Rc8 34.
Bg4 Re8 35. Bxd7 Rxe5 36. Bc6 Bxh5 37. Be4 Be8 38. Rf4+ Kg8 39. Bf3 Bf7 40. Bb7
a5 41. Bc6 c4 42. Rd4 Kf8 43. dxc4 Bxc4 44. Rc2 Ke7 45. Re4 Rxe4 46. Bxe4 Kd6
47. Kd2 Ke5 48. Bg6 Kd4 49. e3+ Kd5 50. f3 Nc5 51. Be8 Nb7 52. Bg6 Kc5 53. Rc1
Kd6 54. Be8 Kd5 55. Bf7+ Ke5 56. Bxc4 Nxc4+ 57. Ke2 Nc5 58. Rd1 Nxa3 59. e4 Ke6
60. Rd8 a4 61. Rb8 Nd7 62. Re8+ Kd6 63. f4 Nc5 64. e5+ Kd5 65. f5 Nc4 66. f6
gxf6 67. exf6 Ne5 68. Rb8 Kc6 69. Rc8+ Kd6 70. Rb8 Ne6 0-1

[Event "AUTO-ELITE-1297"]
[Site "http://www.queenalice.com/game.php?id=1295042"]
[Date "2014.7.15"]
[Round "2"]
[White "juli1"]
[Black "Lucius1"]
[Result "1/2-1/2"]
[WhiteElo "2590"]
[BlackElo "2594"]

1. d4 b6 2. c4 Bb7 3. Nc3 e6 4. e4 Bb4 5. Bd3 f5 6. Nf3 Ne7 7. Qe2 O-O 8. O-O
Na6 9. Rb1 Ba5 10. a3 Bxc3 11. bxc3 fxe4 12. Bxe4 Bxe4 13. Qxe4 Qe8 14. Bg5 c6
15. Rfe1 Ng6 16. h4 h6 17. h5 Ne7 18. Bxe7 Qxe7 19. Ne5 Rf5 1/2-1/2

[Event "AUTO-ELITE-1311"]
[Site "http://www.queenalice.com/game.php?id=1296316"]
[Date "2014.7.21"]
[Round "2"]
[White "Lucius1"]
[Black "pony"]
[Result "1-0"]
[WhiteElo "2594"]
[BlackElo "2298"]

1. Nf3 d5 2. d4 c6 3. c4 Nf6 4. Nc3 e6 5. e3 Nbd7 6. Bd3 dxc4 7. Bxc4 b5 8. Bd3
Bb7 9. O-O a6 10. e4 c5 11. d5 Qc7 12. dxe6 fxe6 13. Qe2 c4 14. Bc2 Bd6 15. Re1
e5 16. Ng5 Nc5 17. Nd5 Nxd5 18. exd5 O-O-O 19. Rd1 h6 20. Ne6 Nxe6 21. Bf5 Kb8
22. Bxe6 Bc8 23. a4 b4 24. Be3 Bxe6 25. dxe6 Rhe8 26. Rac1 Rc8 27. b3 Rxe6 28.
Rxc4 Qb7 29. Qg4 Rce8 30. Rdc1 Bf8 31. a5 Rf6 32. Ba7+ Kxa7 33. Rc7 Re7 34. Qc8
1-0

[Event "AUTO-ELITE-1311"]
[Site "http://www.queenalice.com/game.php?id=1296317"]
[Date "2014.7.21"]
[Round "2"]
[White "pony"]
[Black "Lucius1"]
[Result "0-1"]
[WhiteElo "2304"]
[BlackElo "2591"]

1. c4 Nf6 2. Nc3 g6 3. g3 Bg7 4. Bg2 O-O 5. e4 d6 6. Nge2 c5 7. O-O Nc6 8. d3 a6
9. h3 Rb8 10. Rb1 b5 11. b3 Qa5 12. a4 bxc4 13. dxc4 Qc7 14. g4 e6 15. Bf4 Rd8
16. Qd2 Nd4 17. Nxd4 cxd4 18. Ne2 e5 19. Bg5 Re8 20. a5 Bb7 21. f3 Nd7 22. Rfc1
Nc5 23. b4 Ne6 24. Bh4 h6 25. Rc2 Rec8 26. Rbb2 Ra8 27. Bg3 Qe7 28. Nc1 Rc7 29.
Nd3 Rac8 30. Qc1 Bf6 31. Bf1 Bg5 32. Qb1 Be3+ 33. Kh2 Ng5 34. Ne1 Qf6 35. Be2 h5
36. h4 hxg4 0-1

[Event "AUTO-ELITE-1311"]
[Site "http://www.queenalice.com/game.php?id=1296318"]
[Date "2014.7.21"]
[Round "2"]
[White "Lucius1"]
[Black "Donidon"]
[Result "1-0"]
[WhiteElo "2596"]
[BlackElo "2511"]

1. d4 Nf6 2. Nf3 d5 3. c4 c6 4. e3 e6 5. Nc3 Bd6 6. Bd3 O-O 7. O-O dxc4 8. Bxc4
Nbd7 9. e4 e5 10. Bg5 Qe7 11. d5 Nb6 12. Bb3 h6 13. Bh4 Bg4 14. h3 Bxf3 15. Qxf3
Rac8 16. Rac1 cxd5 17. Bxf6 Qxf6 18. Qxf6 gxf6 19. Bxd5 Rb8 20. a3 Rfd8 21. Rfd1
Be7 22. Kf1 Kf8 23. Ke2 Rdc8 24. Kf3 Rc7 25. Ne2 Rbc8 26. Rxc7 Rxc7 27. Bb3 Rd7
28. Rxd7 Nxd7 29. Bc4 Nb6 30. Bd5 Nxd5 31. exd5 Ke8 32. Ng3 Kd7 33. Kg4 Bf8 34.
Nh5 Be7 35. Kf5 Kd6 36. Nxf6 a5 37. a4 Bxf6 38. Kxf6 Kxd5 39. Kxf7 Kc4 40. Ke6
Kd4 41. h4 e4 42. g4 Kd3 43. g5 hxg5 44. hxg5 1-0

[Event "AUTO-ELITE-1311"]
[Site "http://www.queenalice.com/game.php?id=1296319"]
[Date "2014.7.21"]
[Round "2"]
[White "Donidon"]
[Black "Lucius1"]
[Result "0-1"]
[WhiteElo "2505"]
[BlackElo "2603"]

1. e4 c5 2. Nf3 Nc6 3. d4 cxd4 4. Nxd4 Nf6 5. Nc3 d6 6. Bc4 e6 7. Bb3 Be7 8. O-O
O-O 9. f4 Nxd4 10. Qxd4 b6 11. Kh1 Ba6 12. Bc4 Bxc4 13. Qxc4 d5 14. exd5 Rc8 15.
Qd3 Nxd5 16. Nxd5 Qxd5 17. Qxd5 exd5 18. c3 d4 19. cxd4 Rc2 20. b3 Re2 21. f5
Rd8 22. Bf4 Rxd4 23. Rfe1 Rde4 24. Bg3 Bc5 25. Rad1 g5 26. h3 h5 27. Rxe2 Rxe2
28. Be1 Kf8 29. Bd2 g4 30. hxg4 hxg4 31. b4 Be7 32. a3 Kg7 33. Kg1 Bh4 34. Kf1
Rf2+ 35. Kg1 Rxf5 36. Be3 Kg6 37. Rd4 Re5 38. Bd2 Kh5 39. Rd7 Re7 40. Rd5+ Kg6
41. Rd4 f5 42. Rd6+ Kf7 43. Bf4 Bf6 44. Kf2 Bb2 45. Rd5 Re4 46. Bb8 Ke6 47. Rd6+
Ke7 48. Rd3 a6 49. Kg3 Bc1 50. Kf2 f4 51. Kf1 Be3 52. Rd5 Kf6 53. Rd6+ Re6 54.
Rxe6+ Kxe6 55. Ke2 b5 56. Kd3 Kf5 57. g3 Bc1 58. gxf4 Bxa3 59. Kc3 g3 60. Ba7 g2
61. Be3 Ke4 62. Bg1 Bc1 63. f5 Be3 64. Bh2 Kxf5 65. Kd3 Bb6 66. Kc3 Kg4 67. Kd3
Kh3 68. Bg1 Bxg1 0-1

[Event "II Open de Gaia"]
[Site "http://www.queenalice.com/game.php?id=1304026"]
[Date "2014.8.25"]
[Round "4"]
[White "Lucius1"]
[Black "Cuxtal"]
[Result "1/2-1/2"]
[WhiteElo "2590"]
[BlackElo "2637"]

1. Nf3 d5 2. g3 Nf6 3. Bg2 c5 4. O-O Nc6 5. d4 cxd4 6. Nxd4 e5 7. Nxc6 bxc6 8.
c4 Rb8 9. cxd5 cxd5 10. Bg5 Be7 11. Bxf6 Bxf6 12. Bxd5 Rxb2 13. Qa4+ Bd7 14.
Qxa7 e4 15. Rd1 O-O 16. Na3 Qe8 17. Rab1 Rxe2 18. Bc4 Bg4 19. Bxe2 Bxe2 20. Rdc1
h5 21. Rc7 Qe6 22. Nc2 Be5 23. Nd4 Bxd4 24. Qxd4 Bf3 25. Qc4 Qh3 26. Qf1 Qe6 27.
Rc2 Ra8 28. Rcb2 Ra3 29. Rb6 Qd7 30. Rb7 Qe6 31. R7b6 Qd7 1/2-1/2